Teología y economía: aspectos de una ética económica de Martín Lutero /
Сохранить в:
| Главный автор: | |
|---|---|
| Формат: | Текст |
| Метки: |
Добавить метку
Нет меток, Требуется 1-ая метка записи!
|
MARC
| LEADER | 00000 a a2200000 04500 | ||
|---|---|---|---|
| 001 | 17212 | ||
| 003 | |||
| 040 | |||
| 100 | |a Prien, Hans- Jürgen | ||
| 245 | |a Teología y economía: |b aspectos de una ética económica de Martín Lutero / |c Hans- Jürgen Prien | ||
| 773 | |g número 77; páginas 20-34 | ||
| 999 | |c 31358 |d 31358 | ||
